000 00286nam a22001337a 4500
008 170222b xxu||||| |||| 00| 0 alb d
020 _a9789995619220
041 _aalb
080 _a616.31
100 _a5
101 _aSHS
245 _aMORFOLOGJI DENTARE
_cFONZI, L
942 _2udc
_cBK
999 _c6059
_d6059